[Event "Northern Lights op"]
[Site "Thunder Bay CAN"]
[Date "1996.??.??"]
[Round "?"]
[White "Golebiewski, Sofie"]
[Black "McTavish, David"]
[Result "1-0"]
[WhiteElo "1756"]
[BlackElo "2144"]
[PlyCount "63"]
[EventDate "1996.??.??"]
[EventType "swiss"]
[EventRounds "5"]
[EventCountry "CAN"]

1. d4 Nf6 2. Nf3 g6 3. Bg5 Bg7 4. Nbd2 O-O 5. e3 d6 6. Bd3 Nbd7 7. O-O Re8 8.
c3 e5 9. Qc2 Qe7 10. Rae1 a6 11. Bxf6 Nxf6 12. e4 Nh5 13. d5 Nf4 14. Re3 Bd7
15. c4 b6 16. Rfe1 a5 17. a4 g5 18. Nf1 h5 19. N3d2 g4 20. Ng3 Qg5 21. Nf5 Nxd3
22. Qxd3 Bxa4 23. h3 Bd7 24. hxg4 hxg4 25. Rg3 Kh7 26. Nf3 Qf4 27. N3h4 Bf6 28.
Qe2 Bxh4 29. Rxg4 Qxf2+ 30. Qxf2 Bxf2+ 31. Kxf2 Bxf5 32. Rh1# 1-0

[Event "Northwest Ontario closed"]
[Site "Thunder Bay CAN"]
[Date "1996.??.??"]
[Round "?"]
[White "Rohanchuk, Edward"]
[Black "McTavish, David"]
[Result "1-0"]
[WhiteElo "2077"]
[BlackElo "2109"]
[PlyCount "65"]
[EventDate "1996.??.??"]
[EventType "tourn"]
[EventRounds "7"]
[EventCountry "CAN"]

1. e4 c5 2. Nc3 Nc6 3. g3 g6 4. d3 Bg7 5. Bg2 d6 6. Be3 Rb8 7. Qd2 e6 8. f4
Nge7 9. Nf3 O-O 10. O-O Nd4 11. Nd1 b5 12. c3 Nxf3+ 13. Rxf3 b4 14. d4 bxc3 15.
Nxc3 cxd4 16. Bxd4 Bxd4+ 17. Qxd4 Rxb2 18. Qxa7 Nc6 19. Qe3 Qa5 20. Rd1 Nb4 21.
Rd2 Rxd2 22. Qxd2 Bb7 23. Qb2 Ra8 24. a4 Ba6 25. f5 exf5 26. exf5 Bb7 27. Rf4
Bxg2 28. Rxb4 Bc6 29. Rb8+ Rxb8 30. Qxb8+ Kg7 31. f6+ Kxf6 32. Qxd6+ Kg7 33.
Qxc6 1-0

[Event "Nova Scotia op"]
[Site "Halifax CAN"]
[Date "1996.11.09"]
[Round "1"]
[White "Phillips, Fred"]
[Black "Cashin, Ken"]
[Result "1-0"]
[WhiteElo "1840"]
[BlackElo "1606"]
[PlyCount "71"]
[EventDate "1996.11.09"]
[EventType "swiss"]
[EventRounds "5"]
[EventCountry "CAN"]

1. e4 d6 2. d4 Nf6 3. Nc3 g6 4. Nf3 Bg7 5. Bd3 O-O 6. O-O Nc6 7. a3 Bd7 8. d5
Nb8 9. Be3 e6 10. dxe6 Bxe6 11. Qd2 Bg4 12. Nd4 c5 13. Nde2 Nc6 14. f3 Be6 15.
Ng3 a6 16. Rad1 Qc7 17. Bh6 Rfd8 18. Bxg7 Kxg7 19. Be2 b5 20. Nd5 Bxd5 21. exd5
Nd4 22. c4 Re8 23. Bd3 Re7 24. f4 Rae8 25. f5 bxc4 26. Bxc4 Qc8 27. fxg6 hxg6
28. Rxf6 Kxf6 29. Nh5+ gxh5 30. Qh6+ Ke5 31. Qg7+ f6 32. Qg3+ Ke4 33. Re1+ Ne2+
34. Rxe2+ Kf5 35. Bd3+ Re4 36. Rf2# 1-0

[Event "Nova Scotia op"]
[Site "Halifax CAN"]
[Date "1996.11.10"]
[Round "5"]
[White "Cashin, Ken"]
[Black "Brown, Lewis"]
[Result "1-0"]
[WhiteElo "1606"]
[BlackElo "1715"]
[PlyCount "99"]
[EventDate "1996.11.09"]
[EventType "swiss"]
[EventRounds "5"]
[EventCountry "CAN"]

1. e4 c5 2. Nf3 d6 3. d4 cxd4 4. Nxd4 Nf6 5. Nc3 a6 6. Bg5 e5 7. Nb3 Be7 8. Be2
O-O 9. Qd2 b5 10. a3 Bb7 11. Bxf6 Bxf6 12. Rd1 Be7 13. O-O Nc6 14. Nd5 Bg5 15.
Ne3 Qb6 16. Nd5 Qd8 17. Ne3 Qc8 18. Qc3 Nd4 19. Nxd4 Qxc3 20. bxc3 exd4 21.
Rxd4 Bxe3 22. fxe3 Rac8 23. c4 bxc4 24. Bxc4 Rc7 25. Bd3 Rd8 26. c4 Rc5 27. Rb1
Rd7 28. Rb6 Rc6 29. Rb4 g6 30. Kf2 Rc5 31. Bc2 a5 32. Rb6 Bc6 33. Rxc6 Rxc6 34.
Ba4 Rcc7 35. Bxd7 Rxd7 36. a4 Kf8 37. Rd5 Rc7 38. Rd4 Ke7 39. Ke2 Ke6 40. Kd3
h5 41. Rd5 Rc5 42. Kd4 Rxd5+ 43. exd5+ Kd7 44. e4 f6 45. c5 dxc5+ 46. Kxc5 Kc7
47. Kb5 Kb7 48. Kxa5 Ka7 49. Kb5 Kb7 50. a5 1-0

[Event "Nova Scotia op"]
[Site "Halifax CAN"]
[Date "1996.11.10"]
[Round "5"]
[White "Saunders, Stephen"]
[Black "Burgess, Brian"]
[Result "0-1"]
[WhiteElo "1947"]
[BlackElo "1837"]
[PlyCount "52"]
[EventDate "1996.11.09"]
[EventType "swiss"]
[EventRounds "5"]
[EventCountry "CAN"]

1. d4 d6 2. c4 Nf6 3. Nc3 g6 4. e4 Bg7 5. f3 O-O 6. Be3 e5 7. d5 Ne8 8. Qd2 f5
9. Nge2 Nf6 10. Nc1 fxe4 11. fxe4 Ng4 12. Bg5 Qe8 13. Nd3 Bd7 14. h3 Nf6 15. c5
Na6 16. Be3 Nh5 17. O-O-O Ng3 18. Rg1 Bb5 19. cxd6 cxd6 20. Qe1 Rxf1 21. Qxg3
Rxd1+ 22. Rxd1 Rc8 23. Bd2 Bxd3 24. Qxd3 Nb4 25. Qe3 Qa4 26. Kb1 Rxc3 0-1

[Event "Nova Scotia op"]
[Site "Halifax CAN"]
[Date "1996.11.10"]
[Round "5"]
[White "Wysocki, Antoni"]
[Black "Villeneuve, Robert"]
[Result "1/2-1/2"]
[WhiteElo "2018"]
[BlackElo "2193"]
[PlyCount "42"]
[EventDate "1996.11.09"]
[EventType "swiss"]
[EventRounds "5"]
[EventCountry "CAN"]

1. c4 c6 2. d4 d5 3. Nf3 e6 4. Qc2 Nf6 5. g3 dxc4 6. Qxc4 c5 7. Bg2 Qa5+ 8. Nc3
Nc6 9. dxc5 Bxc5 10. O-O O-O 11. Bg5 Be7 12. Rfd1 e5 13. Bxf6 Bxf6 14. Nd5 Bd8
15. b4 Qa4 16. Rac1 a6 17. Nc3 Qxb4 18. Qxb4 Nxb4 19. Nxe5 Bf6 20. Nd7 Bxd7 21.
Rxd7 Rac8 1/2-1/2

[Event "Nova Scotia-ch"]
[Site "Halifax CAN"]
[Date "1996.01.19"]
[Round "1"]
[White "Charlton, Glenn"]
[Black "Cosman, Tom"]
[Result "1/2-1/2"]
[WhiteElo "2085"]
[BlackElo "1865"]
[PlyCount "29"]
[EventDate "1996.01.19"]
[EventType "swiss"]
[EventRounds "5"]
[EventCountry "CAN"]

1. e4 c6 2. d4 d5 3. exd5 cxd5 4. c4 Nf6 5. Nc3 Nc6 6. Bg5 Qa5 7. Bd2 dxc4 8.
Bxc4 Qb6 9. Nge2 Bf5 10. O-O e6 11. Be3 Rd8 12. Qc1 Nd5 13. Bxd5 exd5 14. Nf4
Be6 15. Nh5 1/2-1/2

[Event "Nova Scotia-ch"]
[Site "Halifax CAN"]
[Date "1996.01.19"]
[Round "1"]
[White "Kenney, David"]
[Black "Mathers, Jim"]
[Result "0-1"]
[WhiteElo "1870"]
[BlackElo "2105"]
[PlyCount "132"]
[EventDate "1996.01.19"]
[EventType "swiss"]
[EventRounds "5"]
[EventCountry "CAN"]

1. c4 Nf6 2. Nc3 g6 3. g3 Bg7 4. Bg2 d6 5. e3 e5 6. Nge2 O-O 7. O-O Nc6 8. d3
Bd7 9. Rb1 a5 10. a3 Qc8 11. b4 axb4 12. axb4 Bh3 13. b5 Ne7 14. Qc2 h5 15. Bb2
h4 16. d4 hxg3 17. hxg3 Nh7 18. Bxh3 Qxh3 19. Qe4 Ng5 20. Qg2 Qh5 21. Rfd1 e4
22. Nf4 Qg4 23. Nxe4 Nf3+ 24. Kf1 g5 25. Qh3 gxf4 26. Qxg4 Nh2+ 27. Kg2 Nxg4
28. exf4 Ra4 29. Rbc1 d5 30. Nc5 Rxc4 31. Rxc4 dxc4 32. Nxb7 Nd5 33. Kf3 Ngf6
34. Rc1 Rb8 35. Na5 Rxb5 36. Nxc4 Nb6 37. Nxb6 Rxb2 38. Nc4 Rb3+ 39. Ke2 Nd5
40. Ne5 Bf8 41. Rc2 Kg7 42. f5 Bd6 43. Nd7 Ra3 44. Nc5 Kf6 45. f4 Kxf5 46. Kf2
Rc3 47. Re2 Bxc5 48. Re5+ Kf6 49. Rxd5 Bb6 50. g4 Rd3 51. Rf5+ Ke6 52. Re5+ Kd6
53. Rf5 Rxd4 54. Kf3 Rd3+ 55. Kg2 Ke7 56. Re5+ Kf8 57. f5 Bd4 58. Rd5 f6 59.
Kf1 c5 60. Kg2 c4 61. Kf1 Rd2 62. Ke1 c3 63. Rd8+ Ke7 64. Rc8 Bf2+ 65. Kf1 c2
66. Rc4 Rd1+ 0-1

[Event "Nova Scotia-ch"]
[Site "Halifax CAN"]
[Date "1996.01.19"]
[Round "1"]
[White "Lomond, Gerald"]
[Black "Brennan, James"]
[Result "1-0"]
[WhiteElo "2030"]
[BlackElo "1810"]
[PlyCount "37"]
[EventDate "1996.01.19"]
[EventType "swiss"]
[EventRounds "5"]
[EventCountry "CAN"]

1. e4 e5 2. Nf3 Nc6 3. Bb5 Nf6 4. O-O Nxe4 5. Qe2 Nd6 6. Bxc6 bxc6 7. Nxe5 Be7
8. Re1 Bb7 9. d4 h6 10. Nc3 Nc8 11. Qg4 Kf8 12. Nxd7+ Kg8 13. Nc5 Rb8 14. Bf4
Nd6 15. Be5 Rh7 16. Qe2 Nf5 17. Nxb7 Rxb7 18. Qe4 Qd7 19. d5 1-0

[Event "Nova Scotia-ch"]
[Site "Halifax CAN"]
[Date "1996.01.19"]
[Round "1"]
[White "Pentz, Brian"]
[Black "Villeneuve, Robert"]
[Result "1-0"]
[WhiteElo "2005"]
[BlackElo "2185"]
[PlyCount "111"]
[EventDate "1996.01.19"]
[EventType "swiss"]
[EventRounds "5"]
[EventCountry "CAN"]

1. e4 e5 2. d3 Bc5 3. Nf3 Nc6 4. Be2 d6 5. O-O f5 6. Bg5 Nf6 7. exf5 Bxf5 8.
Nc3 d5 9. Nxe5 Nxe5 10. d4 Bd6 11. Bxf6 Qxf6 12. Nxd5 Qh6 13. dxe5 Bxe5 14. f4
Bd6 15. Bh5+ Kd8 16. Ne3 Bd7 17. Bg4 Rf8 18. Bxd7 Kxd7 19. Qg4+ Qe6 20. Rad1
Rae8 21. g3 Qxg4 22. Nxg4 Re2 23. Rf2 Rxf2 24. Nxf2 Re8 25. Kf1 Kc6 26. Re1 Rf8
27. Ne4 h6 28. Nxd6 Kxd6 29. Kg2 Rf5 30. Kf3 Ra5 31. a3 Rb5 32. b3 Rc5 33. c4
b5 34. cxb5 Rxb5 35. Re3 g5 36. fxg5 Rxg5 37. Kf4 Rb5 38. g4 Rb8 39. h4 Rf8+
40. Kg3 Rg8 41. Rf3 Ke6 42. Rf5 Rb8 43. b4 Rb6 44. Rh5 Kf7 45. Rc5 c6 46. Kf4
Kf6 47. g5+ hxg5+ 48. hxg5+ Kg6 49. Re5 Kf7 50. Kf5 Rb7 51. Rc5 Rc7 52. b5 Rb7
53. bxc6 Rb2 54. Ke5 Ke7 55. g6 Kd8 56. Kf6 1-0

[Event "Nova Scotia-ch"]
[Site "Halifax CAN"]
[Date "1996.01.19"]
[Round "1"]
[White "Urquhart, Eddie"]
[Black "Mayo, Alvah"]
[Result "1-0"]
[WhiteElo "2135"]
[BlackElo "1875"]
[PlyCount "41"]
[EventDate "1996.01.19"]
[EventType "swiss"]
[EventRounds "5"]
[EventCountry "CAN"]

1. e4 c5 2. c3 d6 3. d4 g6 4. dxc5 dxc5 5. Qxd8+ Kxd8 6. Bc4 e6 7. Nf3 Nc6 8.
O-O Bg7 9. Rd1+ Ke7 10. Bf4 e5 11. Be3 b6 12. Na3 Nf6 13. Nb5 a6 14. Nc7 Rb8
15. Nd5+ Kf8 16. Nxb6 Nd4 17. Bxd4 cxd4 18. Nxc8 Rxc8 19. Bxa6 Rc6 20. Bb5 Rb6
21. a4 1-0

[Event "Nova Scotia-ch"]
[Site "Halifax CAN"]
[Date "1996.01.20"]
[Round "2"]
[White "Cosman, Tom"]
[Black "Villeneuve, Robert"]
[Result "0-1"]
[WhiteElo "1865"]
[BlackElo "2185"]
[PlyCount "74"]
[EventDate "1996.01.19"]
[EventType "swiss"]
[EventRounds "5"]
[EventCountry "CAN"]

1. d4 d5 2. c4 e6 3. g3 dxc4 4. Bg2 c5 5. Nf3 Nc6 6. e3 Nf6 7. O-O Bd7 8. Nbd2
Na5 9. Ne5 cxd4 10. exd4 Rc8 11. Ndf3 Be7 12. Bd2 b5 13. Qc2 Nc6 14. a4 a6 15.
axb5 axb5 16. b3 c3 17. Nxd7 Qxd7 18. Qxc3 O-O 19. Qb2 Rfd8 20. Be3 Nb4 21. Ne5
Qd6 22. Rfc1 Nfd5 23. Bf1 Nxe3 24. fxe3 Qb6 25. Qf2 f6 26. Nf3 Nd5 27. e4 Nc3
28. Qe3 b4 29. Bc4 Ra8 30. Kg2 Nb5 31. Rxa8 Rxa8 32. e5 f5 33. Qd3 Na3 34. Ra1
Rd8 35. Rxa3 bxa3 36. Qxf5 a2 37. Qxe6+ Qxe6 0-1

[Event "Nova Scotia-ch"]
[Site "Halifax CAN"]
[Date "1996.01.20"]
[Round "2"]
[White "Mathers, Jim"]
[Black "Lomond, Gerald"]
[Result "1/2-1/2"]
[WhiteElo "2105"]
[BlackElo "2030"]
[PlyCount "113"]
[EventDate "1996.01.19"]
[EventType "swiss"]
[EventRounds "5"]
[EventCountry "CAN"]

1. e4 c5 2. Nc3 e6 3. f4 d6 4. Bb5+ Nd7 5. Nf3 a6 6. Bxd7+ Bxd7 7. e5 Ne7 8.
Ne4 Nf5 9. exd6 Rc8 10. b3 Bc6 11. d3 Nxd6 12. Qe2 Be7 13. Bb2 Nf5 14. O-O O-O
15. Kh1 Nd4 16. Nxd4 cxd4 17. Qf2 Bxe4 18. dxe4 Bc5 19. Rad1 Qa5 20. a3 Ba7 21.
Qd2 Qc7 22. Rc1 Rfd8 23. Rf3 Qc6 24. Qe1 Qb5 25. f5 Qe5 26. Qh4 Bc5 27. f6 g6
28. Rh3 h5 29. Rg3 Kh7 30. Rf1 Qd6 31. Rg5 Qf8 32. Bc1 Qh8 33. Rf3 Kg8 34. g4
d3 35. cxd3 Bd4 36. Be3 Bxf6 37. Rxg6+ fxg6 38. Rxf6 Qg7 39. Qg5 Kh7 40. gxh5
Rxd3 41. e5 Rd1+ 42. Kg2 Rg8 43. Kf3 Rf1+ 44. Bf2 Qh6 45. hxg6+ Rxg6 46. Rxg6
Qxg6 47. Qh4+ Kg7 48. Ke2 Rb1 49. Qe7+ Qf7 50. Qg5+ Kh7 51. Qh4+ Kg7 52. Qg5+
Qg6 53. Qe7+ Kh6 54. Qf8+ Kh5 55. Qh8+ Qh6 56. Qe8+ Qg6 57. Qh8+ 1/2-1/2

[Event "Nova Scotia-ch"]
[Site "Halifax CAN"]
[Date "1996.01.20"]
[Round "2"]
[White "Mayo, Alvah"]
[Black "Kenney, David"]
[Result "1-0"]
[WhiteElo "1875"]
[BlackElo "1870"]
[PlyCount "81"]
[EventDate "1996.01.19"]
[EventType "swiss"]
[EventRounds "5"]
[EventCountry "CAN"]

1. e4 d6 2. d4 Nf6 3. f3 g6 4. c4 c5 5. d5 Bg7 6. Nc3 Na6 7. Be3 Bd7 8. g4 Nc7
9. Qd2 a6 10. Be2 b5 11. g5 Ng8 12. f4 bxc4 13. Bxc4 Nb5 14. Nge2 Qc7 15. h4 h5
16. Rf1 e6 17. dxe6 fxe6 18. f5 exf5 19. Qd5 Bc6 20. Qe6+ Qe7 21. Qxg6+ Kd8 22.
Bxb5 axb5 23. Qxf5 Ra7 24. Rd1 Rd7 25. Qf4 Qe6 26. Qf5 Qe8 27. Nd5 Ne7 28. Qh3
Bxd5 29. exd5 Ng6 30. Rd3 Qe4 31. Bf4 Re8 32. Qe3 Nxh4 33. Qxe4 Rxe4 34. Kd2
Bxb2 35. Ng3 Rf7 36. Nxe4 Ng6 37. Nf6 Bxf6 38. gxf6 Kd7 39. Bh2 Ne5 40. Bxe5
dxe5 41. Rh3 1-0

[Event "Nova Scotia-ch"]
[Site "Halifax CAN"]
[Date "1996.01.20"]
[Round "2"]
[White "Pentz, Brian"]
[Black "Charlton, Glenn"]
[Result "1/2-1/2"]
[WhiteElo "2005"]
[BlackElo "2085"]
[PlyCount "84"]
[EventDate "1996.01.19"]
[EventType "swiss"]
[EventRounds "5"]
[EventCountry "CAN"]

1. e4 d6 2. d4 Nf6 3. Nc3 g6 4. Nge2 Bg7 5. g3 O-O 6. Bg2 Nbd7 7. O-O e5 8. h3
c6 9. a4 a5 10. Be3 Qe7 11. Qd2 Re8 12. Rad1 b6 13. dxe5 dxe5 14. Qd6 Ba6 15.
Qxe7 Rxe7 16. Rd6 Rc8 17. Rfd1 Bc4 18. g4 Be6 19. b3 Ne8 20. R6d2 h6 21. Nd5
cxd5 22. exd5 Bxg4 23. hxg4 Nd6 24. f4 f6 25. fxe5 fxe5 26. Ng3 Nc5 27. Bxc5
Rxc5 28. Ne4 Nxe4 29. Bxe4 Kh7 30. d6 Rd7 31. Rf1 Rc8 32. Bd5 Rcd8 33. Rfd1 Bf8
34. Bc6 Rxd6 35. Rxd6 Rxd6 36. Rxd6 Bxd6 37. Kg2 h5 38. gxh5 gxh5 39. Kh3 Kh6
40. Be4 Kg5 41. Kg3 Bb4 42. Bg2 h4+ 1/2-1/2

[Event "Nova Scotia-ch"]
[Site "Halifax CAN"]
[Date "1996.01.20"]
[Round "2"]
[White "Wysocki, Antoni"]
[Black "Urquhart, Eddie"]
[Result "0-1"]
[WhiteElo "2040"]
[BlackElo "2135"]
[PlyCount "50"]
[EventDate "1996.01.19"]
[EventType "swiss"]
[EventRounds "5"]
[EventCountry "CAN"]

1. d4 Nf6 2. Nf3 e6 3. Bf4 b6 4. c4 Bb7 5. Nc3 Bb4 6. Qb3 Bxc3+ 7. Qxc3 Ne4 8.
Qc2 f5 9. e3 O-O 10. h4 c5 11. Rd1 Nc6 12. d5 Nb4 13. Qb3 exd5 14. cxd5 a5 15.
d6+ Kh8 16. a4 c4 17. Bxc4 Nc5 18. Qc3 Nxa4 19. Qd2 Nc5 20. Ne5 Qe8 21. h5 Rf6
22. Ng6+ Rxg6 23. hxg6 Qxg6 24. f3 Rc8 25. Rc1 Ncd3+ 0-1

[Event "Nova Scotia-ch"]
[Site "Halifax CAN"]
[Date "1996.01.21"]
[Round "3"]
[White "Brennan, James"]
[Black "Cosman, Tom"]
[Result "1-0"]
[WhiteElo "1810"]
[BlackElo "1865"]
[PlyCount "83"]
[EventDate "1996.01.19"]
[EventType "swiss"]
[EventRounds "5"]
[EventCountry "CAN"]

1. d4 Nf6 2. Bg5 Ne4 3. Bf4 d5 4. f3 Nd6 5. Nc3 e6 6. e4 c6 7. Bd3 b6 8. Qe2
Be7 9. Nh3 O-O 10. O-O Re8 11. Rae1 f6 12. Bxd6 Qxd6 13. e5 Qd8 14. f4 f5 15.
Nb1 c5 16. c3 cxd4 17. cxd4 Nc6 18. Rc1 Nxd4 19. Qd2 Bc5 20. Kh1 a5 21. Nc3 Bd7
22. Ng5 Qe7 23. Nf3 Nxf3 24. Rxf3 Rec8 25. Nb5 Bc6 26. Rh3 d4 27. a3 Qd7 28. a4
Bb4 29. Qd1 Qd5 30. Rg3 Bxb5 31. Bxb5 Rc5 32. Rxc5 bxc5 33. Qd3 Rc8 34. Bc4 Qd7
35. Qxf5 Re8 36. Qg4 Kh8 37. Bb5 Qe7 38. Bxe8 c4 39. Bb5 c3 40. bxc3 dxc3 41.
Bd3 g6 42. Bxg6 1-0

[Event "Nova Scotia-ch"]
[Site "Halifax CAN"]
[Date "1996.01.20"]
[Round "3"]
[White "Lomond, Gerald"]
[Black "Pentz, Brian"]
[Result "0-1"]
[WhiteElo "2030"]
[BlackElo "2005"]
[PlyCount "52"]
[EventDate "1996.01.19"]
[EventType "swiss"]
[EventRounds "5"]
[EventCountry "CAN"]

1. e4 d6 2. c4 Nf6 3. Nc3 e5 4. Nge2 c5 5. d3 Nc6 6. Bg5 Be7 7. Bxf6 Bxf6 8.
Nd5 O-O 9. Nec3 Nd4 10. Be2 Bh4 11. g3 Bg5 12. h4 Bh6 13. g4 f6 14. Ne3 g6 15.
h5 Bg5 16. Ng2 Be6 17. Rf1 Qd7 18. f3 gxh5 19. f4 exf4 20. gxh5 Bh3 21. Bf3
Bxg2 22. Bxg2 Bh4+ 23. Kd2 f3 24. Bxf3 Bg5+ 25. Ke1 Qh3 26. Bg4 Qe3+ 0-1

[Event "Nova Scotia-ch"]
[Site "Halifax CAN"]
[Date "1996.01.20"]
[Round "3"]
[White "Mayo, Alvah"]
[Black "Charlton, Glenn"]
[Result "0-1"]
[WhiteElo "2005"]
[BlackElo "2085"]
[PlyCount "52"]
[EventDate "1996.01.19"]
[EventType "swiss"]
[EventRounds "5"]
[EventCountry "CAN"]

1. e4 d6 2. d4 g6 3. c4 e5 4. d5 Bg7 5. Nc3 Nd7 6. f3 f5 7. Be3 Nh6 8. Nge2 O-O
9. Nc1 Nf7 10. Be2 Bh6 11. Bf2 Nf6 12. b4 fxe4 13. fxe4 Ng5 14. Qc2 a5 15. bxa5
Rxa5 16. Nb3 Ra8 17. O-O Ng4 18. Bxg4 Bxg4 19. c5 Nf7 20. cxd6 cxd6 21. Nb5 Bf4
22. a4 Qg5 23. Ra2 Qh5 24. g3 Bh3 25. gxf4 Qf3 26. Bg3 Qxf1# 0-1

[Event "Nova Scotia-ch"]
[Site "Halifax CAN"]
[Date "1996.01.20"]
[Round "3"]
[White "Urquhart, Eddie"]
[Black "Mathers, Jim"]
[Result "0-1"]
[WhiteElo "2005"]
[BlackElo "2085"]
[PlyCount "60"]
[EventDate "1996.01.19"]
[EventType "swiss"]
[EventRounds "5"]
[EventCountry "CAN"]

1. e4 e5 2. Nf3 Nc6 3. Bc4 Bc5 4. b4 Bxb4 5. c3 Be7 6. d4 d6 7. Qb3 Na5 8.
Bxf7+ Kf8 9. Qa4 Kxf7 10. Qxa5 b6 11. Qb5 Bd7 12. Qd3 Bf6 13. O-O Ne7 14. Bg5
Ng6 15. Bxf6 gxf6 16. dxe5 fxe5 17. Rd1 Be6 18. Ne1 Nf4 19. Qf3 Rg8 20. Rd2 Qh4
21. Kh1 Rg6 22. Na3 Rag8 23. Rd3 Rxg2 24. Nxg2 Rxg2 25. Qxg2 Nxg2 26. Kxg2
Qxe4+ 27. Rf3+ Ke7 28. Nb1 Bd5 29. Nd2 Qg4+ 30. Kf1 Bxf3 0-1

[Event "Nova Scotia-ch"]
[Site "Halifax CAN"]
[Date "1996.01.20"]
[Round "3"]
[White "Villeneuve, Robert"]
[Black "Wysocki, Antoni"]
[Result "1-0"]
[WhiteElo "2185"]
[BlackElo "2040"]
[PlyCount "73"]
[EventDate "1996.01.19"]
[EventType "swiss"]
[EventRounds "5"]
[EventCountry "CAN"]

1. e4 d5 2. exd5 Nf6 3. Bb5+ Nbd7 4. c4 g6 5. Nc3 Bg7 6. d4 O-O 7. c5 Nb8 8.
Bc4 Na6 9. a3 Bf5 10. f3 e6 11. dxe6 Bxe6 12. Bxe6 Re8 13. Nge2 Rxe6 14. O-O
Nd5 15. Kh1 Nxc3 16. bxc3 c6 17. Rb1 Qd7 18. Nf4 Re7 19. Qb3 Rae8 20. Nd3 Qf5
21. Nf2 Nc7 22. Bd2 Nd5 23. Ne4 Rf8 24. Qc4 h6 25. Nd6 Qc2 26. Rfd1 Ne3 27.
Bxe3 Rxe3 28. Rbc1 Qb2 29. Re1 Rxe1+ 30. Rxe1 Bf6 31. a4 Bg5 32. g3 Bd2 33. Re8
Qc1+ 34. Kg2 Rxe8 35. Qxf7+ Kh8 36. Nxe8 Qc2 37. Qg7# 1-0

[Event "Nova Scotia-ch"]
[Site "Halifax CAN"]
[Date "1996.01.21"]
[Round "4"]
[White "Brennan, James"]
[Black "Charlton, Glenn"]
[Result "0-1"]
[WhiteElo "1810"]
[BlackElo "2085"]
[PlyCount "80"]
[EventDate "1996.01.19"]
[EventType "swiss"]
[EventRounds "5"]
[EventCountry "CAN"]

1. d4 d6 2. c4 e5 3. e4 exd4 4. Qxd4 Nc6 5. Qd1 Nf6 6. Nc3 g6 7. Nf3 Bg7 8. Be2
O-O 9. Bg5 h6 10. Bxf6 Bxf6 11. Qd2 Bg7 12. h3 Be6 13. O-O Ne5 14. b3 Nxf3+ 15.
Bxf3 Bxh3 16. gxh3 Qf6 17. Bg2 Qxc3 18. Qxc3 Bxc3 19. Rad1 Rae8 20. Rd3 Bb4 21.
f3 a5 22. a4 Kg7 23. Rfd1 f5 24. Rf1 fxe4 25. fxe4 Bc5+ 26. Kh2 Rxf1 27. Bxf1
Rxe4 28. Bg2 Re2 29. Kg3 b6 30. Bd5 g5 31. Kf3 Rf2+ 32. Kg4 Rf4+ 33. Kg3 Kf6
34. Rf3 Rxf3+ 35. Kxf3 Kf5 36. Bc6 Ke5 37. Ke2 Kd4 38. Kd2 Bb4+ 39. Kc2 Ke3 40.
Bd7 h5 0-1

[Event "Nova Scotia-ch"]
[Site "Halifax CAN"]
[Date "1996.01.21"]
[Round "4"]
[White "Cosman, Tom"]
[Black "Kenney, David"]
[Result "0-1"]
[WhiteElo "1865"]
[BlackElo "1870"]
[PlyCount "144"]
[EventDate "1996.01.19"]
[EventType "swiss"]
[EventRounds "5"]
[EventCountry "CAN"]

1. d4 d6 2. Nf3 Nf6 3. c4 g6 4. Nc3 Bg7 5. e4 O-O 6. Be2 e5 7. O-O Nc6 8. d5
Ne7 9. Ne1 Ne8 10. Be3 f5 11. f3 f4 12. Bf2 g5 13. Nd3 Ng6 14. c5 Nf6 15. Rc1
Rf7 16. Qc2 Ne8 17. b4 h5 18. Nb2 g4 19. Nc4 Qg5 20. Kh1 g3 21. Bg1 h4 22. Rfd1
Bf8 23. cxd6 cxd6 24. Nb5 b6 25. Bf1 gxh2 26. Bxh2 Bd7 27. Nc3 Ng7 28. Qd2 Nh5
29. Rc2 Ng3+ 30. Kg1 Rh7 31. Rdc1 Be7 32. a4 Rf8 33. a5 bxa5 34. Nxa5 h3 35.
Nc6 Nh4 36. Nxe7+ Rxe7 37. Bxg3 Qxg3 38. Qf2 Qg5 39. Ra1 hxg2 40. Bxg2 Bh3 41.
Kh1 Bxg2+ 42. Qxg2 Nxg2 43. Rxg2 Qxg2+ 44. Kxg2 Rb8 45. b5 Rc7 46. Ra3 Kf8 47.
Rb3 Rbc8 48. Nb1 Rg7+ 49. Kf1 Rc2 50. Na3 Rc8 51. Ke2 Rgc7 52. Kd2 Ke7 53. Kd3
Rc1 54. Kd2 R1c7 55. Kd3 Kd7 56. Kd2 Rc5 57. Kd3 Rb8 58. Kd2 Kc7 59. Kd3 a6 60.
b6+ Rxb6 61. Rxb6 Kxb6 62. Nc4+ Kc7 63. Kc3 Rb5 64. Kc2 Rb4 65. Kc3 Ra4 66. Kb3
Ra1 67. Kb4 Rf1 68. Nd2 Rf2 69. Kc3 Kb6 70. Nc4+ Kc5 71. Nd2 Rxd2 72. Kxd2 Kd4
0-1

[Event "Nova Scotia-ch"]
[Site "Halifax CAN"]
[Date "1996.01.21"]
[Round "4"]
[White "Pentz, Brian"]
[Black "Mathers, Jim"]
[Result "1/2-1/2"]
[WhiteElo "2005"]
[BlackElo "2105"]
[PlyCount "48"]
[EventDate "1996.01.19"]
[EventType "swiss"]
[EventRounds "5"]
[EventCountry "CAN"]

1. e4 e5 2. Nf3 Nc6 3. d3 Bc5 4. Be2 d6 5. O-O f5 6. exf5 Bxf5 7. Nc3 Nf6 8.
Na4 Bb6 9. Nxb6 axb6 10. c3 O-O 11. d4 e4 12. Ne1 Qe7 13. Nc2 Bg6 14. Bg5 h6
15. Bh4 Qf7 16. Ne3 Kh8 17. Bc4 Qd7 18. b4 Ne7 19. Qd2 d5 20. Be2 Nf5 21. Bxf6
Rxf6 22. Ng4 Rff8 23. Ne5 Qe8 24. a4 Ne7 1/2-1/2

[Event "Nova Scotia-ch"]
[Site "Halifax CAN"]
[Date "1996.01.21"]
[Round "4"]
[White "Villeneuve, Robert"]
[Black "Urquhart, Eddie"]
[Result "1/2-1/2"]
[WhiteElo "2185"]
[BlackElo "2135"]
[PlyCount "55"]
[EventDate "1996.01.19"]
[EventType "swiss"]
[EventRounds "5"]
[EventCountry "CAN"]

1. e4 c6 2. d4 d5 3. e5 Bf5 4. h4 h6 5. g4 Bd7 6. h5 c5 7. dxc5 e6 8. Be3 Qc7
9. f4 Bxc5 10. Bxc5 Qxc5 11. Qd2 Nc6 12. Nf3 a6 13. Na3 Nge7 14. c3 O-O-O 15.
b4 Qb6 16. b5 Nb8 17. bxa6 Nxa6 18. Rb1 Qa5 19. Qb2 Nc5 20. Nd4 Kb8 21. Nac2
Bc8 22. Nb4 Ka8 23. Nbc6 Nxc6 24. Nxc6 Qa4 25. Nxd8 Qe4+ 26. Kd2 Qxf4+ 27. Ke1
Qe4+ 28. Kd2 1/2-1/2

[Event "Nova Scotia-ch"]
[Site "Halifax CAN"]
[Date "1996.01.21"]
[Round "4"]
[White "Wysocki, Antoni"]
[Black "Mayo, Alvah"]
[Result "1-0"]
[WhiteElo "2040"]
[BlackElo "1875"]
[PlyCount "139"]
[EventDate "1996.01.19"]
[EventType "swiss"]
[EventRounds "5"]
[EventCountry "CAN"]

1. d4 Nf6 2. c4 g6 3. Nc3 Bg7 4. e4 d6 5. Nf3 O-O 6. Be3 Ng4 7. Bc1 e5 8. h3
Nf6 9. Be3 Nc6 10. d5 Ne7 11. c5 Ne8 12. Bc4 h6 13. Qe2 a6 14. a4 b6 15. cxb6
cxb6 16. Nd2 f5 17. f3 f4 18. Bf2 Nf6 19. O-O g5 20. a5 b5 21. Bb6 Qd7 22. Nxb5
axb5 23. Bxb5 Qb7 24. Nc4 Qb8 25. a6 Bxa6 26. Bxa6 h5 27. Ra3 Rf7 28. Rc1 Bf8
29. Bf2 Qd8 30. Na5 Rg7 31. Nc6 Qe8 32. b4 g4 33. fxg4 hxg4 34. hxg4 Nxg4 35.
b5 Qg6 36. Rf3 Qh6 37. Rh3 Qg5 38. Nxe7+ Bxe7 39. Rc8+ Rxc8 40. Bxc8 Nh6 41.
Be6+ Kf8 42. Bh4 Qg6 43. Bxe7+ Rxe7 44. Qh5 Rg7 45. Qxg6 Rxg6 46. b6 Rg7 47.
Bc8 Ng8 48. b7 Rxb7 49. Bxb7 Nf6 50. Rh6 Nxe4 51. Bc6 Ke7 52. Re6+ Kd8 53. Kf1
Kc7 54. Re7+ Kb6 55. Rd7 Kc5 56. Ra7 Nc3 57. Ra5+ Kd4 58. Ba8 e4 59. Ra6 Ke5
60. Ke1 e3 61. Ra7 Ke4 62. Rc7 Nb5 63. Rc4+ Ke5 64. Ke2 Na3 65. Rc8 Nb5 66.
Re8+ Kf5 67. Kd3 Kg4 68. Rg8+ Kf5 69. Rc8 Kg4 70. Bc6 1-0